000 00565nam a2200193 a 4500
001 BRCA_1125
005 20190320203306.0
008 920824m19919999gt-a---##b---#000-0#eng-#
040 _aDLC
_cDLC
050 4 _aNK856
_b.P37 1991
100 1 _aPasinski, Tony
_93707
245 1 0 _aThe folk art of Guatemala
_bPrimitive Furniture
_cTony Pasinski
260 _a[Guatemala]
_bT. Pasinski
_c1991-
300 _a232 p.
_bil.
_c27 cm.
500 _aIncluye índice alfabetico
504 _aBibliografía :p. 231.
650 1 4 _aArte popular
_zGuatemala
_93708
942 _2lcc
_cB
999 _c1003
_d1003